Statistiques concernant Beffrois de France et de Belgique

Cliquez ici pour prendre le quiz!

Statistiques générales

  • Ce quiz a été pris 22 fois
  • Le résultat moyen est 16 sur 53

Statistiques - réponses

HintAnswer% Correct
Lille
100%
Bruges
82%
Arras
82%
Calais
82%
Dunkerque
82%
Tournai
71%
Gand
71%
Charleroi
71%
Mons
65%
Anvers
65%
Namur
59%
Bergues
59%
Douai
59%
Amiens
47%
Boulogne sur Mer
47%
Bethune
41%
Ypres
35%
Armentières
35%
FranceAbbeville
29%
Courtrai
29%
Gravelines
24%
Cambrai
24%
Malines
24%
Roulers
18%
Bailleul
18%
Binche
18%
Louvain
18%
Furnes
18%
Comines
18%
Lo Reninge
12%
Tongres
12%
Saint trond
12%
Menin
12%
Léau
12%
Audenarde
12%
Dixmude
12%
Herentals
6%
Saint Riquier
6%
Lucheux
6%
Rue
6%
Tirlemont
6%
Tielt
6%
Thuin
6%
Termonde
6%
Nieuport
6%
BelgiqueAlost
6%
Loos
6%
Aire sur la Lys
6%
Doullens
6%
Eeklo
6%
Gembloux
6%
Lierre
6%
Hesdin
6%

Distribution des résultats

Percentile par nombre de réponses

% des personnes avec chaque résultat

Votre développement - résultats

Vous n’avez pas pris ce quiz